| 000 | 00439nam a2200145Ia 4500 | ||
|---|---|---|---|
| 008 | 231129s1995||||xx |||||||||||||| ||spa|| | ||
| 020 | _a84-481-1623-2 | ||
| 040 | _bspa | ||
| 082 | _a546 R691q | ||
| 100 | _aRodgers Glen E | ||
| 245 | 0 | _aQuimica inorganica : Introduccion a la quimica de coordinacion del estado solido y descriptiva | |
| 260 | _c1995 | ||
| 264 | _aMcGraw-Hill | ||
| 942 |
_2ddc _cBKS |
||
| 999 |
_c23654 _d23654 |
||